Movies Quiz

Random Movies or Director Quiz

Click a Quentin Tarantino Film Quiz Stats

 Plays Quiz Updated Jul 25, 2019

Support Sporcle.
Go Orange.
Score 0/9 Timer 01:30
1 Play Today
% Correct
Kill Bill
98.1%
Pulp Fiction
97%
Jackie Brown
95%
Reservoir Dogs
94.8%
Inglourious Basterds
94.4%
Django Unchained
94.2%
The Hateful Eight
93.3%
Once Upon a Time in Hollywood
92.7%
Death Proof
92%

From the Vault

2013 Movies Slideshow

by survivordude56

Movies 8m
You're about to get 2013's most popular movie song stuck in your head as well.
Remove Ads.
Support Sporcle.
Get the best of Sporcle when you Go Orange. This ad-free experience offers more features, more stats, and more fun while also helping to support Sporcle. Thank you for becoming a member.

Show Comments

Extras

Top Quizzes Today


Score Distribution

Your Account Isn't Verified!

In order to create a playlist on Sporcle, you need to verify the email address you used during registration. Go to your Sporcle Settings to finish the process.

Report this User

Report this user for behavior that violates our Community Guidelines.

Details: